<?xml version="1.0" encoding="UTF-8"?>
<record
    xmlns:xsi="http://www.w3.org/2001/XMLSchema-instance"
    xsi:schemaLocation="http://www.loc.gov/MARC21/slim http://www.loc.gov/standards/marcxml/schema/MARC21slim.xsd"
    xmlns="http://www.loc.gov/MARC21/slim">

  <leader>01359nam a22002777a 4500</leader>
  <controlfield tag="001">38105</controlfield>
  <controlfield tag="003">BD-RjUL</controlfield>
  <controlfield tag="005">20211209052728.0</controlfield>
  <controlfield tag="008">150910r19701943ii ||||| |||| 00| 0 ben d</controlfield>
  <datafield tag="035" ind1=" " ind2=" ">
    <subfield code="a">(BD-RjUL)</subfield>
  </datafield>
  <datafield tag="040" ind1=" " ind2=" ">
    <subfield code="a">BD-RjUL</subfield>
    <subfield code="b">ben</subfield>
    <subfield code="c">BD-RjUL</subfield>
  </datafield>
  <datafield tag="041" ind1=" " ind2=" ">
    <subfield code="a">ben</subfield>
  </datafield>
  <datafield tag="082" ind1=" " ind2=" ">
    <subfield code="a">891.442</subfield>
    <subfield code="b">MIS 1970</subfield>
  </datafield>
  <datafield tag="100" ind1=" " ind2=" ">
    <subfield code="a">&#x9AE;&#x9BF;&#x9A4;&#x9CD;&#x9B0;, &#x9A6;&#x9C0;&#x9A8;&#x9AC;&#x9A8;&#x9CD;&#x9A7;&#x9C1;</subfield>
    <subfield code="9">117888</subfield>
  </datafield>
  <datafield tag="245" ind1="1" ind2="0">
    <subfield code="a">&#x9B8;&#x9A7;&#x9AC;&#x9BE;&#x9B0; &#x98F;&#x995;&#x9BE;&#x9A6;&#x9B6;&#x9C0; /</subfield>
    <subfield code="c">&#x9A6;&#x9C0;&#x9A8;&#x9AC;&#x9A8;&#x9CD;&#x9A7;&#x9C1; &#x9AE;&#x9BF;&#x9A4;&#x9CD;&#x9B0; ; &#x9B8;&#x9AE;&#x9CD;&#x9AA;&#x9BE;&#x9A6;&#x995; &#x9AC;&#x9CD;&#x9B0;&#x99C;&#x9C7;&#x9A8;&#x9CD;&#x9A6;&#x9CD;&#x9B0;&#x9A8;&#x9BE;&#x9A5; &#x9AC;&#x9A8;&#x9CD;&#x9A6;&#x9CD;&#x9AF;&#x9CB;&#x9AA;&#x9BE;&#x9A7;&#x9CD;&#x9AF;&#x9BE;&#x9AF;&#x9BC; , &#x9B8;&#x99C;&#x9A8;&#x9C0;&#x995;&#x9BE;&#x9A8;&#x9CD;&#x9A4; &#x9A6;&#x9BE;&#x9B8;</subfield>
  </datafield>
  <datafield tag="250" ind1=" " ind2=" ">
    <subfield code="a">&#x9E7;&#x9AE; &#x9B8;&#x982;</subfield>
  </datafield>
  <datafield tag="260" ind1=" " ind2=" ">
    <subfield code="a">&#x995;&#x9B2;&#x9BF;&#x995;&#x9BE;&#x9A4;&#x9BE; :</subfield>
    <subfield code="b">&#x9AC;&#x999;&#x9CD;&#x997;&#x9C0;&#x9AF;&#x9BC;-&#x9B8;&#x9BE;&#x9B9;&#x9BF;&#x9A4;&#x9CD;&#x9AF;-&#x9AA;&#x9B0;&#x9BF;&#x9B7;&#x9CE;,</subfield>
    <subfield code="c">&#x9E7;&#x9EF;&#x9EA;&#x9E9;,</subfield>
    <subfield code="c">[&#x9AE;&#x9C1;&#x9A6;&#x9CD;&#x9B0;&#x9A3; &#x9E7;&#x9EF;&#x9ED;&#x9E6;]</subfield>
  </datafield>
  <datafield tag="300" ind1=" " ind2=" ">
    <subfield code="a">&#x9EE;&#x9EE; &#x9AA;&#x9C3;. ;</subfield>
    <subfield code="c">&#x9E8;&#x9E8; &#x9B8;&#x9C7;&#x9AE;&#x9BF;.</subfield>
  </datafield>
  <datafield tag="490" ind1=" " ind2=" ">
    <subfield code="a">&#x9A6;&#x9C0;&#x9A8;&#x9AC;&#x9A8;&#x9CD;&#x9A7;&#x9C1;-&#x997;&#x9CD;&#x9B0;&#x9A8;&#x9CD;&#x9A5;&#x9BE;&#x9AC;&#x9B2;&#x9C0; ;</subfield>
    <subfield code="v">&#x9EA;</subfield>
  </datafield>
  <datafield tag="650" ind1=" " ind2=" ">
    <subfield code="a">&#x9AC;&#x9BE;&#x982;&#x9B2;&#x9BE; &#x9A8;&#x9BE;&#x99F;&#x995;</subfield>
    <subfield code="9">130744</subfield>
  </datafield>
  <datafield tag="650" ind1=" " ind2=" ">
    <subfield code="a">Bengali Drama </subfield>
    <subfield code="9">130745</subfield>
  </datafield>
  <datafield tag="700" ind1=" " ind2=" ">
    <subfield code="a">&#x9AC;&#x9A8;&#x9CD;&#x9A6;&#x9CD;&#x9AF;&#x9CB;&#x9AA;&#x9BE;&#x9A7;&#x9CD;&#x9AF;&#x9BE;&#x9AF;&#x9BC;, &#x9AC;&#x9CD;&#x9B0;&#x99C;&#x9C7;&#x9A8;&#x9CD;&#x9A6;&#x9CD;&#x9B0;&#x9A8;&#x9BE;&#x9A5;, &#x9B8;&#x9AE;&#x9CD;&#x9AA;&#x9BE;&#x9A6;&#x995;</subfield>
    <subfield code="9">117954</subfield>
  </datafield>
  <datafield tag="700" ind1=" " ind2=" ">
    <subfield code="a">&#x9A6;&#x9BE;&#x9B8;, &#x9B8;&#x99C;&#x9A8;&#x9C0;&#x995;&#x9BE;&#x9A8;&#x9CD;&#x9A4;, &#x9AF;&#x9C1;&#x997;&#x9CD;&#x9AE; &#x9B8;&#x9AE;&#x9CD;&#x9AA;&#x9BE;&#x9A6;&#x995;</subfield>
    <subfield code="9">117955</subfield>
  </datafield>
  <datafield tag="830" ind1=" " ind2=" ">
    <subfield code="a">&#x9A6;&#x9C0;&#x9A8;&#x9AC;&#x9A8;&#x9CD;&#x9A7;&#x9C1;-&#x997;&#x9CD;&#x9B0;&#x9A8;&#x9CD;&#x9A5;&#x9BE;&#x9AC;&#x9B2;&#x9C0; ;</subfield>
    <subfield code="v">&#x9EA;</subfield>
    <subfield code="9">130746</subfield>
  </datafield>
  <datafield tag="942" ind1=" " ind2=" ">
    <subfield code="2">ddc</subfield>
    <subfield code="c">BK</subfield>
  </datafield>
  <datafield tag="999" ind1=" " ind2=" ">
    <subfield code="c">38105</subfield>
    <subfield code="d">38105</subfield>
  </datafield>
  <datafield tag="952" ind1=" " ind2=" ">
    <subfield code="0">0</subfield>
    <subfield code="1">0</subfield>
    <subfield code="2">ddc</subfield>
    <subfield code="4">0</subfield>
    <subfield code="7">0</subfield>
    <subfield code="8">NFIC</subfield>
    <subfield code="a">RUCL</subfield>
    <subfield code="b">RUCL</subfield>
    <subfield code="c">Stack</subfield>
    <subfield code="d">1973-05-23</subfield>
    <subfield code="e">Isliamia Lib. Rajshahi</subfield>
    <subfield code="g">3.00</subfield>
    <subfield code="l">2</subfield>
    <subfield code="o">B 891.442 MIS 1970</subfield>
    <subfield code="r">2025-09-25 00:00:00</subfield>
    <subfield code="s">2025-09-17</subfield>
    <subfield code="t">C-3</subfield>
    <subfield code="w">2015-09-10</subfield>
    <subfield code="y">BK</subfield>
  </datafield>
</record>
